MARC

Tag First Indicator Second Indicator Subfields
LEADER 00000nam a2200000 i 4500
001 in00005631421
006 m o d
007 cr cnu---unuuu
008 240918s2024 onca ob 001 0 eng
005 20250331130843.6
020 |a 9781487553029  |q electronic book 
020 |a 1487553021  |q electronic book 
020 |a 9781487550912  |q electronic book 
020 |a 148755091X  |q electronic book 
020 |z 9781487549701  |q hardcover 
035 |a (NhCcYBP)jstor22573/CATS23321382 
037 |a 22573/cats23321382  |b JSTOR 
040 |a NhCcYBP  |c NhCcYBP 
042 |a lac 
050 4 |a P40.5.F36  |b F54 2024 
072 7 |a LAN  |x 009050  |2 bisacsh 
072 7 |a SOC  |x 002010  |2 bisacsh 
072 7 |a PSY  |x 030000  |2 bisacsh 
082 0 4 |a 306.44  |2 23/eng/20240918 
082 0 4 |a 306.44  |q CaOONL  |2 23/eng/20240918 
084 |a cci1icc  |2 lacc 
100 1 |a Fleming, Luke Owles,  |e author. 
245 1 0 |a On speaking terms :  |b avoidance registers and the sociolinguistics of kinship /  |c Luke Owles Fleming. 
246 3 0 |a Avoidance registers and the sociolinguistics of kinship 
264 1 |a Toronto ;  |a Buffalo :  |b University of Toronto Press,  |c [2024] 
300 |a 1 online resource. 
336 |a text  |b txt  |2 rdacontent 
337 |a computer  |b c  |2 rdamedia 
338 |a online resource  |b cr  |2 rdacarrier 
490 0 |a Studies in the anthropology of language, sign, and social life 
504 |a Includes bibliographical references and index. 
505 0 |a Avoidance Lexicon, Everyday Grammar: Why Words Are Good to Proscribe -- Many to One: Lexicon Asymmetries in Avoidance Registers -- Name Registers: A Sociolinguistic Kind -- Rigid Performativity: Cross-Cultural Convergences in Name Registers -- Not on Speaking Terms: Closing and Rerouting Channels of Communication -- Out of Touch: Sensory Avoidances and the Multimodality of Mutuality -- The Pragmatic Suspension of Semantic Distinctions: Honorific Pronouns in Kinship Avoidance -- Degrees of Unfreedom: From Pragmatic Structures to Intensities of Experience. 
588 |a Description based on online resource; title from digital title page (viewed on January 14, 2025). 
650 0 |a Language in families  |v Cross-cultural studies. 
650 0 |a Joking relationships  |v Cross-cultural studies. 
650 0 |a Nonverbal communication  |v Cross-cultural studies. 
650 0 |a Avoidance (Psychology)  |v Cross-cultural studies. 
650 0 |a Kinship  |v Cross-cultural studies. 
650 0 |a Sociolinguistics  |v Cross-cultural studies. 
655 7 |a Electronic books.  |2 local 
776 1 8 |i Print version:  |a Fleming, Luke Owles.  |t On speaking terms.  |d Toronto ; Buffalo ; London : University of Toronto Press, 2025  |z 1487549709  |z 9781487549701 
856 4 0 |u http://proxy.library.tamu.edu/login?url=https://www.jstor.org/stable/10.3138/jj.23338278  |z Connect to the full text of this electronic book  |t 0 
955 |a JSTOR DDA record 
999 f f |s 9456a556-9f18-4cd4-b432-999a3d73eb83  |i b833b7ce-4044-4033-8e37-1fad6dddca42  |t 0 
952 f f |a Texas A&M University  |b College Station  |c Electronic Resources  |d Available Online  |t 0  |e P40.5.F36 F54 2024  |h Library of Congress classification 
998 f f |a P40.5.F36 F54 2024  |t 0  |l Available Online